|
|
|
|
| LEADER |
00814nab a2200217 i 4500 |
| 001 |
publ21784 |
| 005 |
20210629102225.0 |
| 008 |
210629s2021 hu o 0|| zxx d |
| 022 |
|
|
|a 0167-7322
|
| 024 |
7 |
|
|a 10.1016/j.molliq.2021.116695
|2 doi
|
| 024 |
7 |
|
|a 32072566
|2 mtmt
|
| 040 |
|
|
|a SZTE Publicatio Repozitórium
|b hun
|
| 041 |
|
|
|a zxx
|
| 100 |
1 |
|
|a Ungor Ditta Anita
|
| 245 |
1 |
0 |
|a Yellow-emitting Au/Ag bimetallic nanoclusters with high photostability for detection of folic acid
|h [elektronikus dokumentum] /
|c Ungor Ditta Anita
|
| 260 |
|
|
|c 2021
|
| 300 |
|
|
|a Terjedelem: 8-Azonosító: 116695
|
| 490 |
0 |
|
|a JOURNAL OF MOLECULAR LIQUIDS
|v 338
|
| 700 |
0 |
1 |
|a Szilágyi István
|e aut
|
| 700 |
0 |
1 |
|a Csapó Edit
|e aut
|
| 856 |
4 |
0 |
|u http://publicatio.bibl.u-szeged.hu/21784/1/1-s2.0-S0167732221014197-main.pdf
|z Dokumentum-elérés
|